COBRA (Record no. 101533)
[ view plain ]
| 000 -LEADER | |
|---|---|
| fixed length control field | 14309cam a2203229 4500 |
| 001 - CONTROL NUMBER | |
| control field | L113618 |
| 008 - FIXED-LENGTH DATA ELEMENTS--GENERAL INFORMATION | |
| fixed length control field | 010712n2001 000 0 eng u |
| 020 ## - INTERNATIONAL STANDARD BOOK NUMBER | |
| International Standard Book Number | 1842190660 |
| 020 ## - INTERNATIONAL STANDARD BOOK NUMBER | |
| International Standard Book Number | 1842190679 |
| 020 ## - INTERNATIONAL STANDARD BOOK NUMBER | |
| International Standard Book Number | 1842190687 |
| 035 ## - SYSTEM CONTROL NUMBER | |
| System control number | (Sirsi) u113618 |
| 041 ## - LANGUAGE CODE | |
| Language code of text/sound track or separate title | eng |
| 050 ## - LIBRARY OF CONGRESS CALL NUMBER | |
| Classification number | 690.072 |
| 110 ## - MAIN ENTRY--CORPORATE NAME | |
| Corporate name or jurisdiction name as entry element | Construction and Building Research Conference |
| Number of part/section/meeting | (6th |
| Date of meeting or treaty signing | 2001) |
| 9 (RLIN) | 4462 |
| 245 ## - TITLE STATEMENT | |
| Title | COBRA |
| Remainder of title | construction and building research conference 2001 |
| Medium | [electronic resource] |
| 260 ## - PUBLICATION, DISTRIBUTION, ETC. | |
| Place of publication, distribution, etc. | London |
| Name of publisher, distributor, etc. | RICS Foundation |
| Date of publication, distribution, etc. | 2001 |
| 490 ## - SERIES STATEMENT | |
| Series statement | COBRA |
| Volume/sequential designation | 2001 |
| 505 ## - FORMATTED CONTENTS NOTE | |
| Formatted contents note | A menu of graduate skills: the specification of degree level skills for construction and surveying students |
| 505 ## - FORMATTED CONTENTS NOTE | |
| Formatted contents note | A niche market for building surveyors in the new homes sector |
| 505 ## - FORMATTED CONTENTS NOTE | |
| Formatted contents note | A practitioner perspective on risk management in conservation refurbishment projects |
| 505 ## - FORMATTED CONTENTS NOTE | |
| Formatted contents note | A rational and optimal model of decision making for decision to bid process |
| 505 ## - FORMATTED CONTENTS NOTE | |
| Formatted contents note | A site investigation procedural framework model designed to reduce uncertainty associated with site and ground conditions |
| 505 ## - FORMATTED CONTENTS NOTE | |
| Formatted contents note | A strategic housing asset indicator : exploring dimensions of the problem |
| 505 ## - FORMATTED CONTENTS NOTE | |
| Formatted contents note | A survey of approaches to maintenance management in tertiary institutions in South Africa |
| 505 ## - FORMATTED CONTENTS NOTE | |
| Formatted contents note | A survey on the use of visualisation tools to communicate buildability information |
| 505 ## - FORMATTED CONTENTS NOTE | |
| Formatted contents note | A value management approach to aligning the team to the client's value system |
| 505 ## - FORMATTED CONTENTS NOTE | |
| Formatted contents note | An analysis of the impacts of risks and uncertainties on construction cash flow forecast |
| 505 ## - FORMATTED CONTENTS NOTE | |
| Formatted contents note | An examination of the governance of mechanical and electrical building services maintenance: towards improved decision making |
| 505 ## - FORMATTED CONTENTS NOTE | |
| Formatted contents note | An exploration of cohesiveness in the client team: a case study approach |
| 505 ## - FORMATTED CONTENTS NOTE | |
| Formatted contents note | An investigation into factors influencing the assessment of UK flood damaged domestic properties |
| 505 ## - FORMATTED CONTENTS NOTE | |
| Formatted contents note | An investigation into how photovaltic systems can be implemented into SAP energy rating calculations |
| 505 ## - FORMATTED CONTENTS NOTE | |
| Formatted contents note | An investigation into the risk management services offered by cost constultants on UK construction projects |
| 505 ## - FORMATTED CONTENTS NOTE | |
| Formatted contents note | An investigation of the readiness of material suppliers and manufacturers for the implementation of concurrent engineering in construction |
| 505 ## - FORMATTED CONTENTS NOTE | |
| Formatted contents note | Building regulation and energy efficiency in timber frame housing |
| 505 ## - FORMATTED CONTENTS NOTE | |
| Formatted contents note | Changes to North American project delivery systems |
| 505 ## - FORMATTED CONTENTS NOTE | |
| Formatted contents note | Changing skill needs and training requirements in the Scottish Construction Industry |
| 505 ## - FORMATTED CONTENTS NOTE | |
| Formatted contents note | Construction ergonomics related education for the built environment |
| 505 ## - FORMATTED CONTENTS NOTE | |
| Formatted contents note | Construction materials and processes: general contractor (GC) health related perceptions |
| 505 ## - FORMATTED CONTENTS NOTE | |
| Formatted contents note | Construction value management revisited: the designer's role |
| 505 ## - FORMATTED CONTENTS NOTE | |
| Formatted contents note | Development of multifactor property portfolio evaluation model for property-investor clients in the South African built environment |
| 505 ## - FORMATTED CONTENTS NOTE | |
| Formatted contents note | Embodied energy : a lifecycle of transportation energy embodied in construction materials |
| 505 ## - FORMATTED CONTENTS NOTE | |
| Formatted contents note | Evaluating the opportunity for cost effective energy efficiency upgrading in the private rented sector |
| 505 ## - FORMATTED CONTENTS NOTE | |
| Formatted contents note | Evaluation of global risk factors affecting cost performance in Mozambique |
| 505 ## - FORMATTED CONTENTS NOTE | |
| Formatted contents note | Expert, arbitrator or historical anomaly? Revisiting the role of the party wall surveyor |
| 505 ## - FORMATTED CONTENTS NOTE | |
| Formatted contents note | Factors affecting the productivity of the construction industry in Thailand : the craftsmen's perception |
| 505 ## - FORMATTED CONTENTS NOTE | |
| Formatted contents note | Government policies and the housing market: a review of the Portuguese case |
| 505 ## - FORMATTED CONTENTS NOTE | |
| Formatted contents note | Harnessing the potential of neural networks for effective decision making in the decision to bid process |
| 505 ## - FORMATTED CONTENTS NOTE | |
| Formatted contents note | Housing policies and strategies : the experience of Libya |
| 505 ## - FORMATTED CONTENTS NOTE | |
| Formatted contents note | Identification of success factors in the construction process |
| 505 ## - FORMATTED CONTENTS NOTE | |
| Formatted contents note | Improving construction productivity with scheduled overtime |
| 505 ## - FORMATTED CONTENTS NOTE | |
| Formatted contents note | Information technology for improving teamworking in construction : opportunities and challenges for practice and for research |
| 505 ## - FORMATTED CONTENTS NOTE | |
| Formatted contents note | Innovation, business strategy and the quantity surveying firm in the UK |
| 505 ## - FORMATTED CONTENTS NOTE | |
| Formatted contents note | Internet and web technology for knowledge management in construction organisations |
| 505 ## - FORMATTED CONTENTS NOTE | |
| Formatted contents note | Knowledge management and intellectual capital : benefits for project based industries |
| 505 ## - FORMATTED CONTENTS NOTE | |
| Formatted contents note | Knowledge-based e-business in the construction supply chain |
| 505 ## - FORMATTED CONTENTS NOTE | |
| Formatted contents note | Making the link beween teaching and research and consultancy |
| 505 ## - FORMATTED CONTENTS NOTE | |
| Formatted contents note | Models of motivation : a pilot study |
| 505 ## - FORMATTED CONTENTS NOTE | |
| Formatted contents note | New Zealand quantity surveying practices : continuing to adapt in a changing environment |
| 505 ## - FORMATTED CONTENTS NOTE | |
| Formatted contents note | On the requirements for effective whole life costing in an integrated environment |
| 505 ## - FORMATTED CONTENTS NOTE | |
| Formatted contents note | Perceptions and barriers in implementing knowledge management strategies in large construction organisations |
| 505 ## - FORMATTED CONTENTS NOTE | |
| Formatted contents note | Predicting damp-related problems in historic buildings and monuments used for library and archive purposes |
| 505 ## - FORMATTED CONTENTS NOTE | |
| Formatted contents note | Predicting project and activity duration for buildings in the UK |
| 505 ## - FORMATTED CONTENTS NOTE | |
| Formatted contents note | Principal organisational environments influencing the property development process |
| 505 ## - FORMATTED CONTENTS NOTE | |
| Formatted contents note | Procurement of construction in the 21st century |
| 505 ## - FORMATTED CONTENTS NOTE | |
| Formatted contents note | Project crystal : accessible environments for deaf and hard of hearing people |
| 505 ## - FORMATTED CONTENTS NOTE | |
| Formatted contents note | Revamping risk management in Hong Kong construction industry |
| 505 ## - FORMATTED CONTENTS NOTE | |
| Formatted contents note | Risk mitigation practices under the private finance initiative environment |
| 505 ## - FORMATTED CONTENTS NOTE | |
| Formatted contents note | Scope definition : a key to project success |
| 505 ## - FORMATTED CONTENTS NOTE | |
| Formatted contents note | Solar thermal storage using phase change materials for space heating of residential buildings |
| 505 ## - FORMATTED CONTENTS NOTE | |
| Formatted contents note | Sustainable concrete construction with fly ash lightweight aggregates |
| 505 ## - FORMATTED CONTENTS NOTE | |
| Formatted contents note | The concept and development of project management in construction |
| 505 ## - FORMATTED CONTENTS NOTE | |
| Formatted contents note | The Delphi method: a demonstration of its use for specific research types |
| 505 ## - FORMATTED CONTENTS NOTE | |
| Formatted contents note | The measurement of customer satisfaction in the private housing sector |
| 505 ## - FORMATTED CONTENTS NOTE | |
| Formatted contents note | The potential role for district energy systems in greenhouse abatement strategies in Australia |
| 505 ## - FORMATTED CONTENTS NOTE | |
| Formatted contents note | The simulated thermal performance of a pair of two storey earth sheltered houses for the UK climate |
| 505 ## - FORMATTED CONTENTS NOTE | |
| Formatted contents note | The US faculty pipeline is broken |
| 505 ## - FORMATTED CONTENTS NOTE | |
| Formatted contents note | The use of internet questionnaires in construction and building research |
| 505 ## - FORMATTED CONTENTS NOTE | |
| Formatted contents note | The use of rapid prototyping techniques and internet tools to support a knowledge integrated design process |
| 505 ## - FORMATTED CONTENTS NOTE | |
| Formatted contents note | Theoretical issues of industry structure applied to the building and construction industry |
| 505 ## - FORMATTED CONTENTS NOTE | |
| Formatted contents note | Trust in contract and its cultural perspective |
| 505 ## - FORMATTED CONTENTS NOTE | |
| Formatted contents note | UK construction industry in transition: emerging and redundant roles associated with new procurement methods |
| 505 ## - FORMATTED CONTENTS NOTE | |
| Formatted contents note | Urban regeneration activities and the implications for the local construction supply chain |
| 505 ## - FORMATTED CONTENTS NOTE | |
| Formatted contents note | Value management and risk management : an examination of the potential for their integration and acceptance as a combined management tool in the UK construction Industry |
| 505 ## - FORMATTED CONTENTS NOTE | |
| Formatted contents note | Viable quality systems : the development of effective quality systems and the importance of motivation and change management in delivering client satisfaction |
| 520 ## - SUMMARY, ETC. | |
| Summary, etc. | A series of papers on different aspects of construction presented at COBRA 2001. |
| 650 ## - SUBJECT ADDED ENTRY--TOPICAL TERM | |
| Topical term or geographic name entry element | GRADUATES |
| 650 ## - SUBJECT ADDED ENTRY--TOPICAL TERM | |
| Topical term or geographic name entry element | DEAF PEOPLE |
| 650 ## - SUBJECT ADDED ENTRY--TOPICAL TERM | |
| Topical term or geographic name entry element | HOUSING MANAGEMENT |
| 650 ## - SUBJECT ADDED ENTRY--TOPICAL TERM | |
| Topical term or geographic name entry element | HONG KONG |
| 650 ## - SUBJECT ADDED ENTRY--TOPICAL TERM | |
| Topical term or geographic name entry element | INTELLECTUAL PROPERTY |
| 650 ## - SUBJECT ADDED ENTRY--TOPICAL TERM | |
| Topical term or geographic name entry element | INTERNET |
| 650 ## - SUBJECT ADDED ENTRY--TOPICAL TERM | |
| Topical term or geographic name entry element | KNOWLEDGE MANAGEMENT |
| 650 ## - SUBJECT ADDED ENTRY--TOPICAL TERM | |
| Topical term or geographic name entry element | LIBRARIES |
| 650 ## - SUBJECT ADDED ENTRY--TOPICAL TERM | |
| Topical term or geographic name entry element | LIBYA |
| 650 ## - SUBJECT ADDED ENTRY--TOPICAL TERM | |
| Topical term or geographic name entry element | LIFE CYCLE COSTING |
| 650 ## - SUBJECT ADDED ENTRY--TOPICAL TERM | |
| Topical term or geographic name entry element | Refurbishment |
| 9 (RLIN) | 6264 |
| 650 ## - SUBJECT ADDED ENTRY--TOPICAL TERM | |
| Topical term or geographic name entry element | MOZAMBIQUE |
| 650 ## - SUBJECT ADDED ENTRY--TOPICAL TERM | |
| Topical term or geographic name entry element | NEW ZEALAND |
| 650 ## - SUBJECT ADDED ENTRY--TOPICAL TERM | |
| Topical term or geographic name entry element | NORTH AMERICA |
| 650 ## - SUBJECT ADDED ENTRY--TOPICAL TERM | |
| Topical term or geographic name entry element | OVERTIME |
| 650 ## - SUBJECT ADDED ENTRY--TOPICAL TERM | |
| Topical term or geographic name entry element | PARTY WALL SURVEYORS |
| 650 ## - SUBJECT ADDED ENTRY--TOPICAL TERM | |
| Topical term or geographic name entry element | Party walls |
| 9 (RLIN) | 6258 |
| 650 ## - SUBJECT ADDED ENTRY--TOPICAL TERM | |
| Topical term or geographic name entry element | PERFORMANCE MEASUREMENT |
| 650 ## - SUBJECT ADDED ENTRY--TOPICAL TERM | |
| Topical term or geographic name entry element | PFI |
| 650 ## - SUBJECT ADDED ENTRY--TOPICAL TERM | |
| Topical term or geographic name entry element | PHOTOVOLTAICS |
| 650 ## - SUBJECT ADDED ENTRY--TOPICAL TERM | |
| Topical term or geographic name entry element | PROPERTY DEVELOPMENT |
| 650 ## - SUBJECT ADDED ENTRY--TOPICAL TERM | |
| Topical term or geographic name entry element | PROPERTY PORTFOLIOS |
| 650 ## - SUBJECT ADDED ENTRY--TOPICAL TERM | |
| Topical term or geographic name entry element | PORTUGAL |
| 650 ## - SUBJECT ADDED ENTRY--TOPICAL TERM | |
| Topical term or geographic name entry element | QUANTITY SURVEYORS |
| 650 ## - SUBJECT ADDED ENTRY--TOPICAL TERM | |
| Topical term or geographic name entry element | REPUBLIC OF SOUTH AFRICA |
| 650 ## - SUBJECT ADDED ENTRY--TOPICAL TERM | |
| Topical term or geographic name entry element | RISK MANAGEMENT |
| 650 ## - SUBJECT ADDED ENTRY--TOPICAL TERM | |
| Topical term or geographic name entry element | SAP RATING |
| 650 ## - SUBJECT ADDED ENTRY--TOPICAL TERM | |
| Topical term or geographic name entry element | SCOTLAND |
| 650 ## - SUBJECT ADDED ENTRY--TOPICAL TERM | |
| Topical term or geographic name entry element | SUPPLY CHAIN MANAGEMENT |
| 650 ## - SUBJECT ADDED ENTRY--TOPICAL TERM | |
| Topical term or geographic name entry element | SURVEYING COURSES |
| 650 ## - SUBJECT ADDED ENTRY--TOPICAL TERM | |
| Topical term or geographic name entry element | SUSTAINABLE CONSTRUCTION |
| 650 ## - SUBJECT ADDED ENTRY--TOPICAL TERM | |
| Topical term or geographic name entry element | TENDERING |
| 650 ## - SUBJECT ADDED ENTRY--TOPICAL TERM | |
| Topical term or geographic name entry element | THAILAND |
| 650 ## - SUBJECT ADDED ENTRY--TOPICAL TERM | |
| Topical term or geographic name entry element | TIMBER FRAMES |
| 650 ## - SUBJECT ADDED ENTRY--TOPICAL TERM | |
| Topical term or geographic name entry element | UNITED STATES |
| 650 ## - SUBJECT ADDED ENTRY--TOPICAL TERM | |
| Topical term or geographic name entry element | VALUE MANAGEMENT |
| 650 ## - SUBJECT ADDED ENTRY--TOPICAL TERM | |
| Topical term or geographic name entry element | BUILDABILITY |
| 650 ## - SUBJECT ADDED ENTRY--TOPICAL TERM | |
| Topical term or geographic name entry element | BUILDING SURVEYORS |
| 650 ## - SUBJECT ADDED ENTRY--TOPICAL TERM | |
| Topical term or geographic name entry element | Block management |
| 9 (RLIN) | 6220 |
| 650 ## - SUBJECT ADDED ENTRY--TOPICAL TERM | |
| Topical term or geographic name entry element | CONSTRUCTION INDUSTRY |
| 650 ## - SUBJECT ADDED ENTRY--TOPICAL TERM | |
| Topical term or geographic name entry element | FLOOD DAMAGE |
| 650 ## - SUBJECT ADDED ENTRY--TOPICAL TERM | |
| Topical term or geographic name entry element | BUILT ENVIRONMENT-BUILDING COSTS |
| 650 ## - SUBJECT ADDED ENTRY--TOPICAL TERM | |
| Topical term or geographic name entry element | BUILT ENVIRONMENT-BUILDING MATERIALS |
| 650 ## - SUBJECT ADDED ENTRY--TOPICAL TERM | |
| Topical term or geographic name entry element | EBUSINESS |
| 650 ## - SUBJECT ADDED ENTRY--TOPICAL TERM | |
| Topical term or geographic name entry element | ENERGY EFFICIENT BUILDINGS |
| 650 ## - SUBJECT ADDED ENTRY--TOPICAL TERM | |
| Topical term or geographic name entry element | ARCHIVES |
| 650 ## - SUBJECT ADDED ENTRY--TOPICAL TERM | |
| Topical term or geographic name entry element | AUSTRALIA |
| 650 ## - SUBJECT ADDED ENTRY--TOPICAL TERM | |
| Topical term or geographic name entry element | CONSTRUCTION PROCUREMENT |
| 650 ## - SUBJECT ADDED ENTRY--TOPICAL TERM | |
| Topical term or geographic name entry element | DAMPNESS |
| 650 ## - SUBJECT ADDED ENTRY--TOPICAL TERM | |
| Topical term or geographic name entry element | EARTH SHELTERED BUILDING |
| 690 ## - LOCAL SUBJECT ADDED ENTRY--TOPICAL TERM (OCLC, RLIN) | |
| Topical term or geographic name as entry element | BUILT ENVIRONMENT |
| 700 ## - ADDED ENTRY--PERSONAL NAME | |
| Personal name | Frame, Ian |
| 700 ## - ADDED ENTRY--PERSONAL NAME | |
| Personal name | Canter, Mike |
| 700 ## - ADDED ENTRY--PERSONAL NAME | |
| Personal name | Littlewood, J. R. |
| 700 ## - ADDED ENTRY--PERSONAL NAME | |
| Personal name | Greens, A. J. |
| 700 ## - ADDED ENTRY--PERSONAL NAME | |
| Personal name | Reyers, John |
| 700 ## - ADDED ENTRY--PERSONAL NAME | |
| Personal name | Mansfield, John R. |
| 700 ## - ADDED ENTRY--PERSONAL NAME | |
| Personal name | Parvar, Jamshid |
| 700 ## - ADDED ENTRY--PERSONAL NAME | |
| Personal name | Lowe, David |
| 700 ## - ADDED ENTRY--PERSONAL NAME | |
| Personal name | Emsley, Margaret W. |
| 700 ## - ADDED ENTRY--PERSONAL NAME | |
| Personal name | Ashton, Philip |
| 700 ## - ADDED ENTRY--PERSONAL NAME | |
| Personal name | Gidado, Kassim |
| 700 ## - ADDED ENTRY--PERSONAL NAME | |
| Personal name | Allen, Stephen |
| 700 ## - ADDED ENTRY--PERSONAL NAME | |
| Personal name | Earl, George |
| 700 ## - ADDED ENTRY--PERSONAL NAME | |
| Personal name | Buys, Fanie |
| 700 ## - ADDED ENTRY--PERSONAL NAME | |
| Personal name | Nkado, Raymond N. |
| 700 ## - ADDED ENTRY--PERSONAL NAME | |
| Personal name | Ganah, A. |
| 700 ## - ADDED ENTRY--PERSONAL NAME | |
| Personal name | Gouchlaghem, N. M. |
| 700 ## - ADDED ENTRY--PERSONAL NAME | |
| Personal name | Kelly, John |
| 700 ## - ADDED ENTRY--PERSONAL NAME | |
| Personal name | Male, Stephen |
| 700 ## - ADDED ENTRY--PERSONAL NAME | |
| Personal name | Odeyinka, Henry A. |
| 700 ## - ADDED ENTRY--PERSONAL NAME | |
| Personal name | Lowe, John G. |
| 700 ## - ADDED ENTRY--PERSONAL NAME | |
| Personal name | Bridge, A. |
| 700 ## - ADDED ENTRY--PERSONAL NAME | |
| Personal name | Griffith, A. |
| 700 ## - ADDED ENTRY--PERSONAL NAME | |
| Personal name | Nicholas, John |
| 700 ## - ADDED ENTRY--PERSONAL NAME | |
| Personal name | Proverbs, David G. |
| 700 ## - ADDED ENTRY--PERSONAL NAME | |
| Personal name | Holt, Gary D. |
| 700 ## - ADDED ENTRY--PERSONAL NAME | |
| Personal name | Dixon, Sandra Jane |
| 700 ## - ADDED ENTRY--PERSONAL NAME | |
| Personal name | Liebkopf, Rene |
| 700 ## - ADDED ENTRY--PERSONAL NAME | |
| Personal name | Ellis, R. C. T. |
| 700 ## - ADDED ENTRY--PERSONAL NAME | |
| Personal name | Wood, G. D. |
| 700 ## - ADDED ENTRY--PERSONAL NAME | |
| Personal name | Khalfan, Malik M. A. |
| 700 ## - ADDED ENTRY--PERSONAL NAME | |
| Personal name | Anumba, Chimay J. |
| 700 ## - ADDED ENTRY--PERSONAL NAME | |
| Personal name | Carillio, Patricia A. |
| 700 ## - ADDED ENTRY--PERSONAL NAME | |
| Personal name | Bell, Malcolm |
| 700 ## - ADDED ENTRY--PERSONAL NAME | |
| Personal name | Overend, Philip |
| 700 ## - ADDED ENTRY--PERSONAL NAME | |
| Personal name | Davis-Blake, Alison |
| 700 ## - ADDED ENTRY--PERSONAL NAME | |
| Personal name | Agapiou, Andrew |
| 700 ## - ADDED ENTRY--PERSONAL NAME | |
| Personal name | Dauber, Volker |
| 700 ## - ADDED ENTRY--PERSONAL NAME | |
| Personal name | Smallwood, John |
| 700 ## - ADDED ENTRY--PERSONAL NAME | |
| Personal name | Thomson, D. S. |
| 700 ## - ADDED ENTRY--PERSONAL NAME | |
| Personal name | Austin, S. A. |
| 700 ## - ADDED ENTRY--PERSONAL NAME | |
| Personal name | Mbachu, J. I. |
| 700 ## - ADDED ENTRY--PERSONAL NAME | |
| Personal name | Miller, A. J. |
| 700 ## - ADDED ENTRY--PERSONAL NAME | |
| Personal name | Wilkinson, Sara J. |
| 700 ## - ADDED ENTRY--PERSONAL NAME | |
| Personal name | Goodacre, Christopher |
| 700 ## - ADDED ENTRY--PERSONAL NAME | |
| Personal name | Baloi, Daniel |
| 700 ## - ADDED ENTRY--PERSONAL NAME | |
| Personal name | Price, Andrew D. F. |
| 700 ## - ADDED ENTRY--PERSONAL NAME | |
| Personal name | Chynoweth, Paul |
| 700 ## - ADDED ENTRY--PERSONAL NAME | |
| Personal name | Makulsawatudom, Arun |
| 700 ## - ADDED ENTRY--PERSONAL NAME | |
| Personal name | Emsley, Margaret W. |
| 700 ## - ADDED ENTRY--PERSONAL NAME | |
| Personal name | Lopes, Jorge |
| 700 ## - ADDED ENTRY--PERSONAL NAME | |
| Personal name | Ribeiro, Francisco Loforte |
| 700 ## - ADDED ENTRY--PERSONAL NAME | |
| Personal name | Omar, Abdulmagid |
| 700 ## - ADDED ENTRY--PERSONAL NAME | |
| Personal name | Ruddock, Les |
| 700 ## - ADDED ENTRY--PERSONAL NAME | |
| Personal name | Poon, Joanna |
| 700 ## - ADDED ENTRY--PERSONAL NAME | |
| Personal name | Potts, Keith F. |
| 700 ## - ADDED ENTRY--PERSONAL NAME | |
| Personal name | Cooper, Patricia |
| 700 ## - ADDED ENTRY--PERSONAL NAME | |
| Personal name | Mayo, Richard |
| 700 ## - ADDED ENTRY--PERSONAL NAME | |
| Personal name | Knutson, Kraig |
| 700 ## - ADDED ENTRY--PERSONAL NAME | |
| Personal name | Barras, Gary |
| 700 ## - ADDED ENTRY--PERSONAL NAME | |
| Personal name | Pineda, Julio |
| 700 ## - ADDED ENTRY--PERSONAL NAME | |
| Personal name | Egbu, Charles |
| 700 ## - ADDED ENTRY--PERSONAL NAME | |
| Personal name | Gaskell, Catherine |
| 700 ## - ADDED ENTRY--PERSONAL NAME | |
| Personal name | Howes, Jaki |
| 700 ## - ADDED ENTRY--PERSONAL NAME | |
| Personal name | Page, Mark |
| 700 ## - ADDED ENTRY--PERSONAL NAME | |
| Personal name | Pearson, Stephen |
| 700 ## - ADDED ENTRY--PERSONAL NAME | |
| Personal name | Pryke, Stephen D. |
| 700 ## - ADDED ENTRY--PERSONAL NAME | |
| Personal name | Boterill, Kate |
| 700 ## - ADDED ENTRY--PERSONAL NAME | |
| Personal name | Turrell, Pat |
| 700 ## - ADDED ENTRY--PERSONAL NAME | |
| Personal name | Hill, Chris |
| 700 ## - ADDED ENTRY--PERSONAL NAME | |
| Personal name | Boon, John |
| 700 ## - ADDED ENTRY--PERSONAL NAME | |
| Personal name | Al-haji, A |
| 700 ## - ADDED ENTRY--PERSONAL NAME | |
| Personal name | Pollock, R. |
| 700 ## - ADDED ENTRY--PERSONAL NAME | |
| Personal name | Kishk, M. |
| 700 ## - ADDED ENTRY--PERSONAL NAME | |
| Personal name | Aouad, G. |
| 700 ## - ADDED ENTRY--PERSONAL NAME | |
| Personal name | Sun, M. |
| 700 ## - ADDED ENTRY--PERSONAL NAME | |
| Personal name | Bakis, N. |
| 700 ## - ADDED ENTRY--PERSONAL NAME | |
| Personal name | Robinson, Herbert S. |
| 700 ## - ADDED ENTRY--PERSONAL NAME | |
| Personal name | Carrillo, Patricia M. |
| 700 ## - ADDED ENTRY--PERSONAL NAME | |
| Personal name | Al-Ghassani, Ahmed M. |
| 700 ## - ADDED ENTRY--PERSONAL NAME | |
| Personal name | Watt, David S. |
| 700 ## - ADDED ENTRY--PERSONAL NAME | |
| Personal name | Colston, Belinda |
| 700 ## - ADDED ENTRY--PERSONAL NAME | |
| Personal name | Bulow, Anna |
| 700 ## - ADDED ENTRY--PERSONAL NAME | |
| Personal name | Blyth, Karl |
| 700 ## - ADDED ENTRY--PERSONAL NAME | |
| Personal name | Lewis, John |
| 700 ## - ADDED ENTRY--PERSONAL NAME | |
| Personal name | Kaka, Amar |
| 700 ## - ADDED ENTRY--PERSONAL NAME | |
| Personal name | Ho, Paul H. K. |
| 700 ## - ADDED ENTRY--PERSONAL NAME | |
| Personal name | Kashiwagi, Dean T. |
| 700 ## - ADDED ENTRY--PERSONAL NAME | |
| Personal name | Bright, K. |
| 700 ## - ADDED ENTRY--PERSONAL NAME | |
| Personal name | Cook, G. K. |
| 700 ## - ADDED ENTRY--PERSONAL NAME | |
| Personal name | Sinka, I. |
| 700 ## - ADDED ENTRY--PERSONAL NAME | |
| Personal name | Luck, R. |
| 700 ## - ADDED ENTRY--PERSONAL NAME | |
| Personal name | Iantaffi, A. |
| 700 ## - ADDED ENTRY--PERSONAL NAME | |
| Personal name | Rahman, Motiar |
| 700 ## - ADDED ENTRY--PERSONAL NAME | |
| Personal name | Kumarawamy, Mohan |
| 700 ## - ADDED ENTRY--PERSONAL NAME | |
| Personal name | Akintoye, Akintola |
| 700 ## - ADDED ENTRY--PERSONAL NAME | |
| Personal name | Beck, Matthias |
| 700 ## - ADDED ENTRY--PERSONAL NAME | |
| Personal name | Hardcastle, Cliff |
| 700 ## - ADDED ENTRY--PERSONAL NAME | |
| Personal name | Chinyio, Ezekial |
| 700 ## - ADDED ENTRY--PERSONAL NAME | |
| Personal name | Asenova, Darinka |
| 700 ## - ADDED ENTRY--PERSONAL NAME | |
| Personal name | Gibson, G. Edward |
| 700 ## - ADDED ENTRY--PERSONAL NAME | |
| Personal name | Wang, Yu-Wen |
| 700 ## - ADDED ENTRY--PERSONAL NAME | |
| Personal name | Ip, Kenneth |
| 700 ## - ADDED ENTRY--PERSONAL NAME | |
| Personal name | Gates, Jonathan |
| 700 ## - ADDED ENTRY--PERSONAL NAME | |
| Personal name | Videla, Carlos |
| 700 ## - ADDED ENTRY--PERSONAL NAME | |
| Personal name | Martinez, Patricia |
| 700 ## - ADDED ENTRY--PERSONAL NAME | |
| Personal name | Watson, P. |
| 700 ## - ADDED ENTRY--PERSONAL NAME | |
| Personal name | Knight, A. D. |
| 700 ## - ADDED ENTRY--PERSONAL NAME | |
| Personal name | King, A. P. |
| 700 ## - ADDED ENTRY--PERSONAL NAME | |
| Personal name | Outred, Geoffrey P. |
| 700 ## - ADDED ENTRY--PERSONAL NAME | |
| Personal name | Auchterlounie, Tony |
| 700 ## - ADDED ENTRY--PERSONAL NAME | |
| Personal name | Hinks, John |
| 700 ## - ADDED ENTRY--PERSONAL NAME | |
| Personal name | Best, Rick |
| 700 ## - ADDED ENTRY--PERSONAL NAME | |
| Personal name | Badger, William W. |
| 700 ## - ADDED ENTRY--PERSONAL NAME | |
| Personal name | Reaney, Michael |
| 700 ## - ADDED ENTRY--PERSONAL NAME | |
| Personal name | Pinder, Ames |
| 700 ## - ADDED ENTRY--PERSONAL NAME | |
| Personal name | Watts, Norman |
| 700 ## - ADDED ENTRY--PERSONAL NAME | |
| Personal name | Bartolo, P. J. S. |
| 700 ## - ADDED ENTRY--PERSONAL NAME | |
| Personal name | Bartolo, H. M. G. |
| 700 ## - ADDED ENTRY--PERSONAL NAME | |
| Personal name | Valence, Gerald de |
| 700 ## - ADDED ENTRY--PERSONAL NAME | |
| Personal name | Lau, Ellen |
| 700 ## - ADDED ENTRY--PERSONAL NAME | |
| Personal name | Howes, Rodney |
| 700 ## - ADDED ENTRY--PERSONAL NAME | |
| Personal name | Robinson, Herbert |
| 700 ## - ADDED ENTRY--PERSONAL NAME | |
| Personal name | Hiley, A. |
| 700 ## - ADDED ENTRY--PERSONAL NAME | |
| Personal name | Paliokostas, P. P. |
| 700 ## - ADDED ENTRY--PERSONAL NAME | |
| Personal name | Hughes, Terry |
| 700 ## - ADDED ENTRY--PERSONAL NAME | |
| Personal name | Williams, Trefor |
| 700 ## - ADDED ENTRY--PERSONAL NAME | |
| Personal name | Ryall, Paul |
| 710 ## - ADDED ENTRY--CORPORATE NAME | |
| Corporate name or jurisdiction name as entry element | Royal Institution of Chartered Surveyors |
| Subordinate unit | Foundation |
| 9 (RLIN) | 4173 |
| 856 40 - ELECTRONIC LOCATION AND ACCESS | |
| Uniform Resource Identifier | <a href="https://web.archive.org/web/20030408184549/http://www.rics-foundation.org:80/publish/download.aspx?did=2697">https://web.archive.org/web/20030408184549/http://www.rics-foundation.org:80/publish/download.aspx?did=2697</a> |
| Public note | View 'A menu of graduate skills: the specification of degree level skills for construction and surveying students' on the web archive |
| 856 40 - ELECTRONIC LOCATION AND ACCESS | |
| Uniform Resource Identifier | <a href="https://web.archive.org/web/20030831233929/http://www.rics-foundation.org:80/publish/download.aspx?did=2724">https://web.archive.org/web/20030831233929/http://www.rics-foundation.org:80/publish/download.aspx?did=2724</a> |
| Public note | View 'Evaluating the opportunity for cost effective energy efficiency upgrading in the private rented sector' on the web archive |
| 856 40 - ELECTRONIC LOCATION AND ACCESS | |
| Uniform Resource Identifier | <a href="https://web.archive.org/web/20030831234109/http://www.rics-foundation.org:80/publish/download.aspx?did=2736">https://web.archive.org/web/20030831234109/http://www.rics-foundation.org:80/publish/download.aspx?did=2736</a> |
| Public note | View 'Harnessing the potential of neural networks for effective decision making in the decision to bid process' on the web archive |
| 856 40 - ELECTRONIC LOCATION AND ACCESS | |
| Uniform Resource Identifier | <a href="https://web.archive.org/web/20030831232830/http://www.rics-foundation.org:80/publish/download.aspx?did=2729">https://web.archive.org/web/20030831232830/http://www.rics-foundation.org:80/publish/download.aspx?did=2729</a> |
| Public note | View 'The Delphi method: a demonstration of its use for specific research types' on the web archive |
| 856 ## - ELECTRONIC LOCATION AND ACCESS | |
| Uniform Resource Identifier | <a href="https://web.archive.org/web/20021107172750/http://www.rics-foundation.org/publish/conference.aspx?eid=35">https://web.archive.org/web/20021107172750/http://www.rics-foundation.org/publish/conference.aspx?eid=35</a> |
| Public note | View the papers on the web archive |
| 942 ## - ADDED ENTRY ELEMENTS (KOHA) | |
| Suppress in OPAC | 0 |
| Source of classification or shelving scheme | Dewey Decimal Classification |
| Withdrawn status | Lost status | Source of classification or shelving scheme | Damaged status | Not for loan | Home library | Current library | Shelving location | Date acquired | Total Checkouts | Full call number | Barcode | Date last seen | Copy number | Price effective from | Koha item type |
|---|---|---|---|---|---|---|---|---|---|---|---|---|---|---|---|
| Dewey Decimal Classification | Virtual | Virtual | Online | 04/12/2002 | ONLINE PUBLICATION | 113618-2001 | 06/08/2019 | 1 | 06/08/2019 | Book |